| 000 | 01384nam2a2200265 4500 | ||
|---|---|---|---|
| 001 | RU\NLR\bibl\1381825 | ||
| 005 | 20250615193537.0 | ||
| 010 |
_a978-5-91328-040-4 _91000 |
||
| 021 |
_aRU _b2009-41484 _92521 |
||
| 035 | _a(NLR Aleph) 001373906 | ||
| 090 |
_a1059160 _c1059160 |
||
| 100 | _a20090615d2009 |||y0rusy50 ca | ||
| 101 | 1 |
_arus _cgre |
|
| 102 | _aRU | ||
| 105 | _aa ||||||||| | ||
| 200 | 1 |
_aЧетвертое измерение _e[цикл монологических поэм _fхудож. С. Архангельский и др.] |
|
| 215 |
_a468, [2] с. _cил. _d22 |
||
| 327 | 0 | _aСодерж.: Окно; Зимняя прозрачность; Хроника; Лунная соната; Агамемнон; Орест; Мертвый дом; Возвращение Ифигении; Под тенью горы; Хрисотемида [и др.] | |
| 461 | 0 |
_1001RU\NLR\bibl\1383000 _12001#$aДраматические произведения$vТ. 2 _91066215 _aРицос, Я. _cМосква _d2009 _fЯннис Рицос _nГИТИС _o[перевод с греческого : в 2 т. : к 100-летию со дня рождения] _tДраматические произведения _vТ. 2 |
|
| 702 | 1 |
_aАрхангельский _bС. _4040 |
|
| 801 | 0 |
_aRU _bNLR _c20090615 _gRCR |
|
| 801 | 1 |
_aRU _bNLR _c20090615 |
|
| 942 | _cBOOK | ||
| 980 | _aNB | ||